[Event "Kieler Open 2021"]
[Site "Kiel"]
[Date "2021.07.28"]
[Round "7.9"]
[White "Garbuszus, J�rgen"]
[Black "Peglau, Markus,Dr."]
[Result "1-0"]
[WhiteElo "2025"]
[BlackElo "1836"]
[Annotator "RW"]

 1.d4 Nf6 2.c4 e6 3.g3 d5 4.Bg2 dxc4 5.Nf3 Nbd7 6.0-0 Be7 7.Qc2 0-0 8.a4 Rb8 9.Qxc4 Bd6 10.Rd1 Qe7 11.Nc3 c6 12.Rb1 e5 13.b4 exd4 14.Qxd4 Bc7 15.Bf4 Nb6 16.Bxc7 Qxc7 17.a5 Nbd5 18.Nxd5 Nxd5 19.Rbc1 Be6 20.Ng5 Rbd8 21.Qh4 Nf6 22.Nxe6 fxe6 23.Qc4 Qe5 24.Bh3 Nd5 25.e4 Nc7 26.f4 Rxd1+ 27.Rxd1 Qf6 28.Rd7 Rf7 29.e5 Qh6 30.Rd8+ Rf8 31.Rxf8+ Kxf8 32.Qc5+ Kf7 33.Bg2 Qg6 34.Qd6 Qb1+ 35.Bf1 Nd5 36.Qd7+ Kf8 37.Qc8+ Kf7 38.Qxb7+ Kf8 39.Qc8+ Kf7 40.Qd7+ Kf8 41.Qxe6 Qxb4 42.Qd6+ Qxd6 43.exd6 Ke8 44.Bh3 Ne3 45.Be6 Nc2 46.Kf2 Nd4 47.f5 Nb5 48.d7+ Ke7 49.Ke3 Nd6 50.Kd4 Nb7 51.a6 Nd8 52.Ke5 g6 53.h3 h6 54.h4 gxf5 55.Bxf5 Kf7 56.Be4

1-0

[Event "Kieler Open 2021"]
[Site "Kiel"]
[Date "2021.07.28"]
[Round "7.10"]
[White "Blietschau, Volker"]
[Black "Peglau, Charis"]
[Result "0-1"]
[WhiteElo "2010"]
[BlackElo "1827"]
[Annotator "RW"]

1.e4 e5 2.Bc4 Nf6 3.Nc3 Nc6 4.d3 Bc5 5.Be3 Bb6 6.Nge2 0-0 7.0-0 d6 8.a3 Be6 9.Nd5 Bxd5 10.exd5 Ne7 11.Bg5 Nf5 12.Nc3 h6 13.Bxf6 Qxf6 14.Ne4 Qg6 15.Kh1 a6 16.c3 Rae8 17.Rg1 Ne7 18.g4 f5 19.gxf5 Qxf5 20.Rg2 Kh8 21.Bb3 Ng6 22.Qg4 Qxg4 23.Rxg4 Nf4 24.Rd1 Nh3 25.Rd2 Nxf2+ 26.Nxf2 Bxf2 27.Kg2 Bb6 28.Bd1 Rf4 29.h3 g5 30.Rxf4 exf4 31.d4 c5 32.dxc6 bxc6 33.Ba4 Re3 34.Bxc6 h5 35.Rf2 Kg7 36.Ba4 Ba5 37.Bd1 Kh6 38.Re2 f3+

0-1

[Event "Kieler Open 2021"]
[Site "Kiel"]
[Date "2021.07.28"]
[Round "7.11"]
[White "Gut, Raphael"]
[Black "Helms, Finn"]
[Result "0-1"]
[WhiteElo "1736"]
[BlackElo "1972"]
[Annotator "RW"]

1.d4 Nf6 2.c4 g6 3.Nc3 d5 4.cxd5 Nxd5 5.e4 Nxc3 6.bxc3 Bg7 7.Nf3 c5 8.Be3 Nc6 9.Rc1 cxd4 10.cxd4 Qa5+ 11.Qd2 Qxd2+ 12.Bxd2 Nxd4 13.Nxd4 Bxd4 14.Bb5+ Bd7 15.Bxd7+ Kxd7 16.Bf4 e5 17.Bg3 Rac8 18.Rd1 Ke6 19.0-0 Rc2 20.Rb1 b6 21.a3 Rhc8 22.Kh1 g5 23.h4 h6 24.Rb5 Ra2 25.Rb3 a5 26.Rd3 Rcc2 27.Rf3 Rc3 28.Rf5 f6 29.hxg5 hxg5 30.Bh2 Raxa3 31.g3 Rf3 32.Rxf3 Rxf3 33.Kg2 g4 34.Bg1 a4 35.Rc1 a3 36.Rc2 b5 37.Ra2 b4 38.Bh2 Rxf2+

0-1

[Event "Kieler Open 2021"]
[Site "Kiel"]
[Date "2021.07.28"]
[Round "7.12"]
[White "Hufendiek, Ekkehard"]
[Black "Gut, Lionel"]
[Result "0-1"]
[WhiteElo "1954"]
[BlackElo "1767"]
[Annotator "RW"]

1.e4 c5 2.Nf3 e6 3.d3 Nc6 4.g3 g6 5.Bg2 Bg7 6.0-0 Nge7 7.Re1 0-0 8.Nbd2 a6 9.a4 b6 10.e5 Bb7 11.Nc4 Nc8 12.Bf4 b5 13.Na3 Qb6 14.c3 N8e7 15.Qd2 Na5 16.Bg5 Nd5 17.Rad1 c4 18.Bh6 Nb3 19.Qg5 cxd3 20.Bxg7 Kxg7 21.c4 h6 22.Qh4 bxc4 23.Nxc4 Qb4 24.Re4 Nc5 25.Rd4 Qxa4 26.Re1 Qc2 27.Nfd2 Nb3 28.Nxb3 Qxb3 29.Na5 Qxb2 30.Nxb7 Qxb7 31.Rd1 Qb6 32.R4xd3 Rac8 33.Qa4 Nc3 34.Qh4 Nxd1 35.Qf6+ Kg8 36.Rxd1 Qb3 37.Rf1 Qb2 38.Qf4 h5 39.Re1 Qc3 40.Rd1 Qb3 41.Bf3 Qc2 42.g4 hxg4 43.Bxg4 Rc4 44.Qg5 Qe4 45.h3 Qf4 46.Qe7 Rc2 47.Rf1 Qxe5 48.Qxd7 Qc7 49.Qd3 Qc4 50.Qe3 Rc8 51.Qa7 Ra2 52.Rd1 Qc5 53.Rd7 Qxa7 54.Rxa7 a5 55.h4 Rc4 56.Bf3 Rxh4 57.Kg2 a4 58.Kg3 Rb4 59.Bc6 g5 60.Be8 Rf4 61.Ra5 Rfxf2 62.Rxg5+ Kf8 63.Bc6 Rfc2 64.Be4 Rc3+ 65.Kf4 Rf2+ 66.Kg4 f5+

0-1

[Event "Kieler Open 2021"]
[Site "Kiel"]
[Date "2021.07.28"]
[Round "7.13"]
[White "Bräutigam, Katerina"]
[Black "Heutling, Elena"]
[Result "0-1"]
[WhiteElo "1738"]
[BlackElo "1919"]
[Annotator "RW"]

1.e4 e5 2.Nf3 Nc6 3.Bb5 a6 4.Ba4 b5 5.Bb3 Na5 6.Bxf7+ Kxf7 7.Nxe5+ Ke7 8.Qh5 Qe8 9.Qh4+ Nf6 10.Ng4 Qh5 11.Qxh5 Nxh5 12.d4 d6 13.Bg5+ Kf7 14.Ne3 Be6 15.Nc3 h6 16.Bh4 g5 17.Bg3 Bg7 18.Rd1 Nc4 19.d5 Bd7 20.Nxc4 bxc4 21.Kd2 Rab8 22.b3 cxb3 23.axb3 Rb4 24.f3 Nxg3 25.hxg3 Be5 26.Ne2 Bb5 27.g4 Bxe2 28.Kxe2 a5 29.Kf2 Kg6 30.g3 a4 31.bxa4 Rc4 32.Rd2 Ra8 33.Kg2 Raxa4 34.Kh3 Ra2 35.Rhh2 Ra1 36.Rhf2 Rc3 37.Kg2 Rc4 38.Kh3 Rca4 39.f4 Bf6 40.Rfe2 Rf1 41.Kg2 Raa1 42.e5 Rg1+ 43.Kh2 gxf4 44.gxf4 Bh4 45.f5+ Kf7 46.e6+ Ke7 47.Kh3 Rh1+ 48.Kg2 Rag1+ 49.Kf3 Rh3+

0-1

[Event "Kieler Open 2021"]
[Site "Kiel"]
[Date "2021.07.28"]
[Round "7.14"]
[White "Bräutigam, Alexander"]
[Black "Steffens, Olaf"]
[Result "1/2-1/2"]
[WhiteElo "1555"]
[BlackElo "2145"]
[Annotator "RW"]

1.c4 c6 2.d4 d6 3.Nf3 h6 4.Bf4 g5 5.Bg3 Bg7 6.e3 Nf6 7.h3 Nbd7 8.Nc3 Nf8 9.Qc2 a6 10.a4 Qa5 11.Rb1 Bf5 12.Bd3 Bxd3 13.Qxd3 Qb4 14.0-0 Ng6 15.Na2 Qxa4 16.b4 c5 17.bxc5 dxc5 18.Qb3 Qa5 19.Qxb7 0-0 20.Nc1 cxd4 21.exd4 Nh5 22.Bc7 Qc3 23.c5 Nhf4 24.Qb4 Nxh3+ 25.Kh1 Qxb4 26.Rxb4 Nhf4 27.Ba5 Nd5 28.Rc4 g4 29.Nd2 e5 30.Ncb3 exd4 31.Nxd4 Ne5 32.Ra4 Rfc8 33.N2b3 Bf8 34.c6 Nxc6 35.Nxc6 Rxc6 36.Rxg4+ Rg6 37.Rxg6+ fxg6 38.Rd1 Rb8 39.Rxd5 Rxb3 40.Rd8 Rb5 41.Bd2 Kf7 42.Ra8 Rb6 43.Ba5 Rc6 44.g3 Bc5 45.Kg2 Ke6 46.Rd8 Bb6 47.Bxb6 Rxb6 48.Rh8 h5 49.Kf3 Kd5 50.Ke3 Kc4 51.Rd8 a5 52.Ra8 Kb4 53.Kd3 a4 54.Kc2 a3 55.Kb1 Kb3 56.Ka1 Re6 57.Rb8+ Kc3 58.f4 Re3 59.Ra8 Kd2 60.Rg8 Re6 61.f5 gxf5 62.Rg5 Rf6 63.Rxh5 Ke3 64.Ka2 Ke4 65.Rg5 Ra6 66.Rg8 Kf3 67.Rg7 Ra5 68.Rg5 Re5 69.Kxa3 Re3+ 70.Kb2 Ke4 71.Kc2 Re2+ 72.Kc3 Rg2 73.Kc4 Rc2+ 74.Kb3 Re2 75.Kc3 Rf2 76.Kc4 Rf3 77.Rg8 Ke5 78.Rg7 Kf6 79.Rg8 Kf7 80.Rg5 Kf6 81.Rg8 Re3 82.Rf8+ Kg5 83.Rg8+ Kh5 84.Kd4 Re4+ 85.Kd5 Kh6 86.Kd6 Re2 87.Kd5 Kh5 88.Kd4 Re1 89.Kd5 Kh6 90.Kd4 Re4+ 91.Kd5 Kh5 92.Rg7 Kh6

1/2-1/2

[Event "Kieler Open 2021"]
[Site "Kiel"]
[Date "2021.07.28"]
[Round "7.15"]
[White "Bus, Tom"]
[Black "Wartenberg, Alissa"]
[Result "1-0"]
[WhiteElo "2108"]
[BlackElo "1562"]
[Annotator "RW"]

1.Nf3 d5 2.g3 c5 3.c4 e6 4.Bg2 Nf6 5.0-0 Nc6 6.cxd5 exd5 7.d4 cxd4 8.Nxd4 Bc5 9.Nxc6 bxc6 10.Nc3 0-0 11.Qc2 Re8 12.Bg5 Qd6 13.Bxf6 Qxf6 14.Nxd5 cxd5 15.Qxc5 Qxb2 16.Bxd5 Rb8 17.Qxa7 Bh3 18.Bxf7+ Kh8 19.Bxe8 Bxf1 20.Rxf1 Rxe8 21.e3 h6 22.Qf7 Ra8 23.Qb3 Qxa2 24.Qxa2 Rxa2 25.Re1 Kg8 26.Kf1 Kf7 27.Re2 Ra1+ 28.Kg2 Ke6 29.f4 Ra5 30.Rb2 g6 31.Rb6+ Kf7 32.Kf3 Ra2 33.h3 Rh2 34.h4 Rc2 35.Rb7+ Kf6 36.Rb3 h5 37.e4 Rc6 38.Rd3 Ra6 39.g4 hxg4+ 40.Kxg4 Ra1 41.e5+ Kf7 42.Rg3 Ra4 43.h5 gxh5+ 44.Kf5 Ra6 45.Rh3 Rh6 46.Rh4 Rh8 47.Kg5 Ke6 48.Rxh5 Rg8+ 49.Kh4 Rg1 50.Rh6+ Kf5 51.Rf6+ Ke4 52.e6 Rh1+ 53.Kg5 Rh8 54.Kg6 Kd5 55.Kg7 Ra8 56.f5 Kd6 57.Rf8 Ra7+ 58.Kf6 Rh7 59.Rd8+ Kc7 60.Rd7+

1-0

[Event "Kieler Open 2021"]
[Site "Kiel"]
[Date "2021.07.28"]
[Round "7.16"]
[White "Schmieder, Kerstin"]
[Black "Kosanke, Stefan"]
[Result "1/2-1/2"]
[WhiteElo "1658"]
[BlackElo "2033"]
[Annotator "RW"]

1.d4 Nf6 2.Nc3 d5 3.Bg5 Nbd7 4.Nf3 c6 5.e3 e6 6.a3 Be7 7.Bd3 0-0 8.0-0 h6 9.Bf4 a5 10.Qe2 Re8 11.e4 Nxe4 12.Nxe4 dxe4 13.Qxe4 Nf6 14.Qe2 Qb6 15.c3 Bd7 16.Be5 Rad8 17.Rab1 c5 18.Bc2 Bc6 19.h3 Bd5 20.Ba4 Bc6 21.Bc2 Bxf3 22.Qxf3 c4 23.Ba4 Nd7 24.Qg3 Nxe5 25.Qxe5 Rd5 26.Qxd5 exd5 27.Bxe8 Qb3 28.Bd7 h5 29.g3 g6 30.h4 Kf8 31.Rfe1

1/2-1/2

[Event "Kieler Open 2021"]
[Site "Kiel"]
[Date "2021.07.28"]
[Round "7.17"]
[White "Rohmann, Volker"]
[Black "Krieglstein, Marcel"]
[Result "1/2-1/2"]
[WhiteElo "1766"]
[BlackElo "1962"]
[Annotator "RW"]

1.d4 d5 2.Nf3 Nf6 3.Bf4 e6 4.e3 Bd6 5.Bg3 0-0 6.Nbd2 c5 7.c3 Nc6 8.Bd3 b6 9.0-0 Bb7 10.Re1 Rc8 11.Rc1 Re8 12.Bb5 a6 13.Bxc6 Bxc6 14.Bxd6 Qxd6 15.Ne5 Bb7 16.Qe2 Nd7 17.Nxd7 Qxd7 18.f4 a5 19.Nf3 f6 20.g3 Ra8 21.a3 Re7 22.Qd2

1/2-1/2

[Event "Kieler Open 2021"]
[Site "Kiel"]
[Date "2021.07.28"]
[Round "7.18"]
[White "Malinowsky, Levi"]
[Black "Lu, Siyuan"]
[Result "1/2-1/2"]
[WhiteElo "1593"]
[BlackElo "1876"]
[Annotator "RW"]

1.e4 c5 2.d3 e6 3.f4 d5 4.Be2 Nc6 5.Nf3 Bd6 6.0-0 Nge7 7.c3 0-0 8.Be3 f6 9.Nbd2 b6 10.g3 Bb7 11.a4 Rc8 12.Qc2 Qd7 13.Rfd1 Kh8 14.Nh4 Nd4 15.Bxd4 cxd4 16.Qb3 Bc5 17.cxd4 Bxd4+ 18.Kg2 Bc5 19.Nhf3 Nc6 20.Qc3 Qe7 21.d4 Bb4 22.Qe3 Bxd2 23.Rxd2 Nb4 24.exd5 Nxd5 25.Qb3 Nb4 26.Re1 Bd5 27.Qd1 Qc7 28.Kf2 Nc2 29.Rf1 Bb3 30.Qb1 Nb4 31.Bd1 Qc4 32.Bxb3 Qxb3 33.Qe4 Rfe8 34.Ra1 a5 35.Ra3 Qd5 36.Qxd5 exd5 37.Re3 Rxe3 38.Kxe3 Re8+ 39.Kf2 Kg8 40.Nh4 g6 41.Ng2 Kf7 42.f5 g5 43.Ne3 Rc8 44.Nd1 Re8

1/2-1/2

[Event "Kieler Open 2021"]
[Site "Kiel"]
[Date "2021.07.28"]
[Round "7.19"]
[White "Hentrop, Malte"]
[Black "Sturm, Simon"]
[Result "1/2-1/2"]
[WhiteElo "1805"]
[BlackElo "1533"]
[Annotator "RW"]

1.d4 d6 2.c4 g6 3.Nc3 e6 4.e4 a6 5.Nf3 h6 6.Be2 b6 7.0-0 Bg7 8.Ne1 Ne7 9.Be3 Nd7 10.Qd2 Bb7 11.Rc1 e5 12.d5 h5 13.b4 0-0 14.Nd3 f5 15.f3 f4 16.Bf2 a5 17.a3 g5 18.c5 bxc5 19.bxc5 Nf6 20.Nb5 a4 21.cxd6 cxd6 22.Nc7 Qd7 23.Nb4 Rac8 24.Bb5 Bc6 25.dxc6 Qxc7 26.Bxa4 Ra8 27.Bb3+ Kh8 28.Ra1 g4 29.Qd3 Rfb8 30.Rfc1 Ng6 31.Qc4 Rf8 32.a4 h4 33.Qe6 g3 34.hxg3 fxg3 35.Be3 Nf4 36.Qc4 Rfb8 37.Rab1 Ne2+ 38.Qxe2 Rxb4 39.Bd1 Rxb1 40.Rxb1 Qxc6 41.Qc2 Qxc2 42.Bxc2 Nd7 43.Bg5 Bf6 44.Bxf6+ Nxf6 45.Ra1 Kg7 46.a5 Kf7 47.a6 Ra7 48.Bd3 Nd7 49.Bf1 Ke7 50.Bb5 Nc5 51.Kf1 Kd8 52.Ke2 Kc7

1/2-1/2

[Event "Kieler Open 2021"]
[Site "Kiel"]
[Date "2021.07.28"]
[Round "7.20"]
[White "Nittel, Christian"]
[Black "Wartenberg, Julian"]
[Result "1-0"]
[WhiteElo "1795"]
[BlackElo "1408"]
[Annotator "RW"]

1.d4 Nf6 2.Nc3 d5 3.Bg5 e6 4.e4 dxe4 5.Nxe4 Be7 6.Bd3 Nxe4 7.Bxe7 Qxe7 8.Bxe4 Qb4+ 9.Kf1 Qxb2 10.Ne2 c6 11.g3 0-0 12.Kg2 Nd7 13.Bxh7+ Kh8 14.Bd3 Qb4 15.h4 Nf6 16.h5 Qd6 17.Rh4 e5 18.dxe5 Qxe5 19.Nf4 Kg8 20.Rb1 b6 21.Ng6 fxg6 22.hxg6 Qd5+ 23.f3 Bg4 24.Qf1 Qxf3+ 25.Qxf3 Bxf3+ 26.Kxf3 Nd5+ 27.Ke4 Rfe8+ 28.Kd4 Kf8 29.Rh8+ Ke7 30.Re1+ Kd6 31.Rexe8 Rxe8 32.Rxe8 c5+ 33.Kc4 b5+ 34.Kb3 c4+ 35.Bxc4 bxc4+ 36.Kxc4 Nf6 37.Ra8

1-0

[Event "Kieler Open 2021"]
[Site "Kiel"]
[Date "2021.07.28"]
[Round "7.21"]
[White "Maas, Kolja"]
[Black "Meyer, J�rgen"]
[Result "1-0"]
[WhiteElo "1559"]
[BlackElo "2011"]
[Annotator "RW"]

1.e4 e6 2.d4 d5 3.exd5 exd5 4.Nc3 c6 5.Nf3 Bg4 6.Be2 Bxf3 7.Bxf3 Bd6 8.Ne2 Qc7 9.Ng3 Ne7 10.Qd3 0-0 11.Bd2 a5 12.0-0 Nd7 13.Kh1 Ng6 14.Nf5 Nf4 15.Qb3 b5 16.Bxf4 Bxf4 17.Ne7+ Kh8 18.Qc3 Ra6 19.a4 b4 20.Qd3 Raa8 21.c4 dxc4 22.Qxc4 Ne5 23.dxe5 Qxe7 24.Qxf4

1/2-1/2

[Event "Kieler Open 2021"]
[Site "Kiel"]
[Date "2021.07.28"]
[Round "7.22"]
[White "von Lossow, Marcus"]
[Black "Quiring, Nikolai"]
[Result "0-1"]
[WhiteElo "1697"]
[BlackElo "2005"]
[Annotator "RW"]

1.e4 e6 2.b3 c5 3.Bb2 Nc6 4.Nf3 d5 5.exd5 exd5 6.d4 Qb6 7.dxc5 Qxc5 8.Bd3 Bg4 9.Qe2+ Kd7 10.0-0 Re8 11.Qd1 Nf6 12.h3 Bh5 13.Bf5+ Kc7 14.Nbd2 Ne4 15.Nxe4 Rxe4 16.c4 Rf4 17.cxd5 Bxf3 18.gxf3 Rxf5 19.dxc6 Rg5+ 20.Kh1 Bd6 21.Rc1 Qf5 22.cxb7+ Kxb7 23.Qxd6 Qxh3+ 24.Qh2 Qxf3+

0-1

[Event "Kieler Open 2021"]
[Site "Kiel"]
[Date "2021.07.28"]
[Round "7.25"]
[White "Strätker, Sebastian"]
[Black "Scheid, Lennart"]
[Result "1/2-1/2"]
[WhiteElo "1887"]
[BlackElo "1647"]
[Annotator "RW"]
[PlyCount "37"]
[EventDate "2021.??.??"]

1. c4 f5 2. g3 Nf6 3. Bg2 d6 4. d4 e6 5. Nf3 Be7 6. Nc3 Ne4 7. Qc2 Nxc3 8. Qxc3
O-O 9. O-O a5 10. Qc2 Nc6 11. a3 e5 12. dxe5 dxe5 13. Rd1 Qe8 14. e3 Qh5 15.
Bd2 f4 16. Ne1 f3 17. Bh1 Bf5 18. Qb3 e4 19. Qxb7 1/2-1/2

[Event "Kieler Open 2021"]
[Site "Kiel"]
[Date "2021.07.28"]
[Round "7.26"]
[White "Lambrecht, Niklas"]
[Black "Kort, Felix"]
[Result "0-1"]
[WhiteElo "1654"]
[BlackElo "1816"]
[Annotator "RW"]

1.e4 e5 2.Bc4 Nf6 3.d3 c6 4.Nf3 d5 5.Bb3 Bd6 6.Nc3 Be6 7.Ng5 0-0 8.Nxe6 fxe6 9.Bg5 Nbd7 10.0-0 Qe8 11.Qe2 Qg6 12.f4 Bc5+ 13.Kh1 Nh5 14.Na4 Nxf4 15.Bxf4 exf4 16.Nxc5 Nxc5 17.Qf2 Nxb3 18.axb3 dxe4 19.dxe4 Qxe4 20.Rxa7 Rxa7 21.Qxa7 b5 22.c3 Qe2 23.Qf2 Qxf2 24.Rxf2 e5 25.Re2 Re8 26.Kg1 Kf7 27.Kf2 Kf6 28.g3 g5 29.Rd2 e4 30.Rd6+ Re6 31.Rd7 e3+ 32.Ke1 f3 33.Rxh7 e2

0-1

[Event "Kieler Open 2021"]
[Site "Kiel"]
[Date "2021.07.28"]
[Round "7.27"]
[White "Ermert, Karl Hans Ragnar"]
[Black "Klein, Edmund"]
[Result "1-0"]
[WhiteElo "1767"]
[BlackElo "1636"]
[Annotator "RW"]

1.e4 e6 2.b3 d5 3.Bb2 dxe4 4.Nc3 Nf6 5.Qe2 Be7 6.0-0-0 0-0 7.g4 e5 8.g5 Nd5 9.Qxe4 c6 10.Bd3 f5 11.Qxe5 Bd6 12.Qd4 Nxc3 13.Qxc3 Qc7 14.g6 Re8 15.Bc4+ Kh8 16.Qh3 h6 17.Qxh6#

1-0

[Event "Kieler Open 2021"]
[Site "Kiel"]
[Date "2021.07.28"]
[Round "7.28"]
[White "Sauer, Tim"]
[Black "Tran, Minh Dat"]
[Result "1/2-1/2"]
[WhiteElo "1767"]
[BlackElo "1611"]
[Annotator "RW"]

1.e4 g6 2.d4 Bg7 3.Nf3 c6 4.c4 d5 5.cxd5 cxd5 6.e5 Nc6 7.Nc3 Bg4 8.Be2 e6 9.Nb5 Bf8 10.Nc3 Nge7 11.Bg5 Bxf3 12.Bxf3 Bg7 13.0-0 Qb6 14.Be3 Qxb2 15.Qd3 0-0 16.Rfb1 Qa3 17.Rb3 Qa6 18.Qxa6 bxa6 19.Be2 Nf5 20.Rd1 Rab8 21.g4 Nxe3 22.fxe3 Rxb3 23.axb3 Rb8 24.Rb1 Bh6 25.Kf2 Nb4 26.h4 Rc8 27.Rc1 a5 28.g5 Bf8 29.Ke1 h6 30.Kd2 hxg5 31.hxg5 Be7 32.Nxd5 Rxc1 33.Nxe7+ Kf8 34.Nxg6+ Kg7 35.Kxc1 Kxg6 36.Kd2 Kxg5 37.Bf3 f6 38.exf6 Kxf6 39.Be2 e5 40.dxe5+ Kxe5 41.Bf3 Na2 42.Kc2 Nb4+ 43.Kc3 Na2+ 44.Kd3 Nc1+

1/2-1/2

[Event "Kieler Open 2021"]
[Site "Kiel"]
[Date "2021.07.28"]
[Round "7.29"]
[White "Chitsazian, Daniel"]
[Black "Thielemann, Joachim"]
[Result "0-1"]
[WhiteElo "1142"]
[BlackElo "1746"]
[Annotator "RW"]

1.c4 e5 2.Nc3 Nf6 3.d3 d6 4.e4 Be6 5.Qb3 Qc8 6.Bg5 Be7 7.0-0-0 h6 8.Be3 0-0 9.f3 c6 10.g4 Nh7 11.Nge2 Bg5 12.Bxg5 Nxg5 13.Bg2 b5 14.Qc2 b4 15.Na4 c5 16.h4 Nh7 17.Ng3 Nc6 18.Nf5 Bxf5 19.gxf5 h5 20.Bh3 Nf6 21.Rdg1 Qc7 22.Qg2 Ne8 23.f6 g6 24.Be6 Kh7 25.Bf5 Nxf6 26.Rh3 Ne7 27.Qg5 Kg7 28.f4 Rh8 29.Rf3 Nxf5 30.exf5 Rh6 31.fxe5 Ng4 32.fxg6 fxg6 33.e6 Ne5 34.Qf6+ Kg8 35.Rfg3 Qg7 36.Qg5 Re8 37.Rf1 Rxe6 38.Qd8+ Kh7 39.Rf8 Nf7 40.Qc8 Re1+ 41.Kd2 Rf1 42.Qe8 Qf6 43.Re3 Qf2+ 44.Re2 Qf4+ 45.Re3 Qf2+ 46.Re2 Qf4+ 47.Kc2 Qc1+ 48.Kb3 Qd1+ 49.Rc2 Qxd3+ 50.Nc3 Qf3 51.Ka4 bxc3 52.Rxc3 Qb7 53.Re3 Qb4#

0-1

[Event "Kieler Open 2021"]
[Site "Kiel"]
[Date "2021.07.28"]
[Round "7.30"]
[White "Jarosch, Wolfram"]
[Black "Lu, Yunong Elias"]
[Result "0-1"]
[WhiteElo "1731"]
[BlackElo "1557"]
[Annotator "RW"]

1.e4 c6 2.d4 d5 3.Nd2 dxe4 4.Nxe4 Nf6 5.Nxf6+ exf6 6.Nf3 Bd6 7.Bd3 0-0 8.0-0 Bg4 9.c3 Qc7 10.h3 Bh5 11.Be3 Nd7 12.Be2 Rfe8 13.Re1 Rad8 14.Qc2 Bg6 15.Qd2 Nf8 16.Rad1 Ne6 17.Qc1 Nf4 18.Bf1 Bh5 19.g4 Bg6 20.Nh4 Be4 21.f3 Bg6 22.Nxg6 Nxg6 23.c4 Nh4 24.Bg2 Nxg2 25.Kxg2 Bg3 26.Bf2 Bxf2 27.Kxf2 Qh2+ 28.Kf1 Qxh3+ 29.Kf2 Qh2+ 30.Kf1 g6 31.Qd2 Rxe1+ 32.Kxe1 Qg1+ 33.Ke2 Qg2+ 34.Ke3 Re8+ 35.Kf4 g5+

0-1

[Event "Kieler Open 2021"]
[Site "Kiel"]
[Date "2021.07.28"]
[Round "7.31"]
[White "Riechenberg, Sebastian"]
[Black "Karheily, Somar"]
[Result "1-0"]
[WhiteElo "985"]
[BlackElo "1725"]
[Annotator "RW"]

1.e4 c5 2.Nf3 d6 3.d4 cxd4 4.Nxd4 Nf6 5.Nc3 a6 6.f3 e5 7.Nb3 Be6 8.Bg5 Be7 9.Qd2 Nbd7 10.0-0-0 0-0 11.g4 Rc8 12.h4 b5 13.Be3 Bxb3 14.axb3 Nc5 15.Kb1 Qc7 16.g5 b4 17.gxf6 bxc3 18.Qxc3 Bxf6 19.Bh3 Ne6 20.Qxc7 Rxc7 21.Rxd6 Nf4 22.Bxf4 exf4 23.Bf5 a5 24.Rg1 Bxh4 25.Rh6 Bg3 26.Bxh7+ Kh8 27.Rh3 g5 28.Rh5 Rc5 29.Bf5+ Kg7 30.Rxg5+ Kf6 31.Rh5 Rd8 32.Rh6+ Ke5 33.Bg4 Rg8 34.Rh5+ Kd6 35.Rd1+ Kc6 36.Bd7+ Kb6 37.Rd6+ Kc7 38.Rxc5+ Kxd6 39.Rd5+ Kc7 40.Bg4 Kb6 41.Rf5 Rf8 42.Bh5 f6 43.e5 Bh4 44.Rxf4 Bg3 45.Rxf6+ Rxf6 46.exf6 Bd6 47.Kc1 Kc5 48.Kd2 Kd4 49.c3+ Ke5 50.f7 Kf4 51.Kd3 Kg5 52.Bg4 Kf6 53.Kc4 Kxf7 54.Kb5 Bc7 55.b4 axb4 56.Kxb4 Ke7 57.Kc5 Bf4 58.b4 Kd8 59.c4 Kc7 60.Kb5 Kb7 61.Bf5 Be3 62.c5 Bd2 63.c6+ Kc7 64.Be4 Be3 65.Ka6 Bd2 66.b5 Be3 67.f4 Bxf4 68.b6+ Kb8 69.Kb5 Bd6 70.Bf5 Bf4 71.Kc4 Bg3 72.Kd5

1-0

[Event "Kieler Open 2021"]
[Site "Kiel"]
[Date "2021.07.28"]
[Round "7.33"]
[White "Schmidt, Peter"]
[Black "Zielke, Bernd"]
[Result "1-0"]
[WhiteElo "1913"]
[BlackElo "1647"]
[Annotator "RW"]

1.e4 e5 2.Nf3 Nf6 3.Nxe5 d6 4.Nxf7 Kxf7 5.Nc3 c6 6.d4 Be7 7.Bc4+ Ke8 8.0-0 Bg4 9.Qe1 Bh5 10.e5 dxe5 11.dxe5 Nd5 12.Ne4 Kf8 13.f4 b5 14.Bb3 Na6 15.f5 Qb6+ 16.Kh1 Qd4 17.f6 gxf6 18.Bh6+ Kf7 19.Nxf6 Bxf6 20.Rxf6+ Ke8 21.Re6+ Kd7 22.Rd6+ Kc7 23.Qa5+ Qb6 24.Qd2 Rad8 25.Bxd5 Rxd6 26.exd6+ Kb7 27.Be4 Bg6 28.Be3 Qd8 29.Bf3 Re8 30.Rd1 Nb8 31.Qd4 Qb6 32.Qg7+

1-0

[Event "Kieler Open 2021"]
[Site "Kiel"]
[Date "2021.07.28"]
[Round "7.34"]
[White "Gibhardt, Peter"]
[Black "Serrer, David"]
[Result "1-0"]
[WhiteElo "1754"]
[BlackElo "1551"]
[Annotator "RW"]

1.e4 c5 2.Nf3 d6 3.d4 cxd4 4.Nxd4 Nf6 5.Nc3 g6 6.Be2 Bg7 7.h4 Nc6 8.Nxc6 bxc6 9.h5 Qb6 10.h6 Bf8 11.Na4 Qa5+ 12.c3 Nxe4 13.Qd4 Nf6 14.Bf3 Bd7 15.0-0 Rc8 16.Re1 e5 17.Bg5 Ng8 18.Rad1 f6 19.Bc1 c5 20.Nxc5 Qxc5 21.Qh4 Be7 22.Bd5 Bf5 23.Qa4+ Kf8 24.g4 Bxg4 25.Qxg4 f5 26.Qa4 f4 27.Bxf4 Nf6 28.Be3 Qc7 29.Be6 Ra8 30.Bg5 Nh5 31.Qe4 Qc5 32.Qf3+ Bf6 33.Rxd6 Qxd6 34.Qxa8+ Ke7 35.Bxf6+ Nxf6 36.Qxh8 Kxe6 37.Qc8+ Nd7 38.Qg8+ Kf5 39.Qxh7 Qd2 40.Re3 Nf6 41.Rf3+ Kg5 42.Qe7

1-0

[Event "Kieler Open 2021"]
[Site "Kiel"]
[Date "2021.07.28"]
[Round "7.35"]
[White "Ahrens, Jan"]
[Black "Möller, Rainer"]
[Result "1-0"]
[WhiteElo "1724"]
[BlackElo "1365"]
[Annotator "RW"]
[PlyCount "63"]
[EventDate "2021.??.??"]

1. d4 Nf6 2. e3 e6 3. Bd3 d5 4. Nd2 b6 5. f4 Bb7 6. c3 Nbd7 7. Ngf3 Bd6 8. Ne5
O-O 9. O-O c5 10. Rf3 c4 11. Bc2 Ne4 12. Rh3 Ndf6 13. g4 Bxe5 14. dxe5 h6 15.
exf6 Qxf6 16. Qf3 Qg6 17. Rg3 f6 18. f5 exf5 19. gxf5 Qf7 20. Nxe4 dxe4 21.
Bxe4 Bxe4 22. Qxe4 Rad8 23. Qg4 Qd7 24. Qxc4+ Kh8 25. e4 b5 26. Qe2 Rfe8 27.
Bf4 a6 28. Qh5 Qa7+ 29. Be3 Qd7 30. Bxh6 gxh6 31. Qxh6+ Qh7 32. Qxf6+ 1-0

[Event "Kieler Open 2021"]
[Site "Kiel"]
[Date "2021.07.28"]
[Round "7.36"]
[White "Tatliak, Stefan"]
[Black "Beerbaum, Philipp"]
[Result "1/2-1/2"]
[WhiteElo "1700"]
[BlackElo "1360"]
[Annotator "RW"]

1.e4 c5 2.Nf3 Nc6 3.d4 cxd4 4.Nxd4 Nf6 5.Nc3 e5 6.Nf3 h6 7.Be3 Bb4 8.Bd3 d5 9.exd5 Qxd5 10.Be2 Qa5 11.Bd2 Be6 12.a3 Be7 13.0-0 0-0 14.Qc1 Qc7 15.Bd3 Nh7 16.Bxh6 f5 17.Ng5 Nxg5 18.Bxg5 Bxg5 19.Qxg5 Qf7 20.Rae1 a6 21.b3 Rad8 22.Rd1 g6 23.Rfe1 Kg7 24.Bf1 Qf6 25.Qe3 Rxd1 26.Rxd1 Rd8 27.Rxd8 Qxd8 28.h3 Kf6 29.Qc5 Nd4 30.Ne2 Nc6 31.Ng3 Qe7 32.Qc3 Qd6 33.Qe3 Nd4 34.Qh6 Bf7 35.Bd3 Ke7 36.Qh8 e4 37.Bf1 b5 38.Qa8 Nxc2 39.Qa7+ Kf6 40.a4 Bxb3 41.axb5 axb5 42.Bxb5 Nd4 43.Bf1 Bf7 44.Qa1 Ke7 45.Qa7+ Kf6 46.Qa1 Ke7 47.Qa8 Kf6 48.h4 Kg7 49.Qa1 Kh7 50.h5

1/2-1/2

[Event "Kieler Open 2021"]
[Site "Kiel"]
[Date "2021.07.28"]
[Round "7.37"]
[White "Weihrauch, Sebastian"]
[Black "Karhage, Holger"]
[Result "1-0"]
[WhiteElo "1591"]
[BlackElo "1665"]
[Annotator "RW"]

1.e4 c5 2.Nf3 e6 3.d4 cxd4 4.Nxd4 Nf6 5.Nc3 d6 6.Be3 a6 7.f3 Qc7 8.Qd2 Nbd7 9.0-0-0 Be7 10.g4 0-0 11.g5 Ne8 12.h4 b5 13.h5 Bb7 14.g6 fxg6 15.hxg6 hxg6 16.Nxe6 Qc6 17.Nxf8 Nxf8 18.Nd5 Kf7 19.Nxe7 Kxe7 20.Bg5+ Nf6 21.Rh8 Rc8 22.Bh3 Rc7 23.e5 dxe5 24.Qd8+

1-0

[Event "Kieler Open 2021"]
[Site "Kiel"]
[Date "2021.07.28"]
[Round "7.38"]
[White "Farokhi, Darian"]
[Black "Diederichs, Karl"]
[Result "0-1"]
[WhiteElo "1182"]
[BlackElo "1620"]
[Annotator "RW"]

1.e4 e6 2.d4 d5 3.Nc3 dxe4 4.Nxe4 Nd7 5.c4 Ngf6 6.Nc3 Bb4 7.Bd2 0-0 8.Bd3 c5 9.dxc5 Nxc5 10.Bc2 b6 11.Qe2 Bb7 12.Nf3 a6 13.a3 Bxc3 14.Bxc3 Nfe4 15.Bb4 f5 16.0-0 Rf6 17.Ne5 Qc7 18.f4 a5 19.Be1 Nd7 20.Bh4 Rh6 21.Bg5 Qc5+ 22.Rf2 Nxe5 23.Bxe4 Bxe4 24.Bxh6 Ng4 25.Bg5 Nxf2 26.Qxf2 Qxc4 27.Qxb6 Qd5 28.Qf2 Rc8 29.Qe2 Rc2 30.Qe3 Rxg2+ 31.Kf1 Bf3 32.Rc1 Qb5+ 33.Ke1 Re2+

0-1

[Event "Kieler Open 2021"]
[Site "Kiel"]
[Date "2021.07.28"]
[Round "7.40"]
[White "Kirchner, Philipp"]
[Black "Wang, Kaiwen"]
[Result "1/2-1/2"]
[WhiteElo "1519"]
[BlackElo "1068"]
[Annotator "RW"]

1.e4 e5 2.Nf3 Nc6 3.Bc4 Bc5 4.c3 Nf6 5.d4 exd4 6.e5 d5 7.Bb5 Ne4 8.cxd4 Bb6 9.Nc3 0-0 10.Be3 Qe7 11.Nxd5 Qe6 12.Bxc6 bxc6 13.Nf4 Qc4 14.Rc1 Qb4+ 15.Bd2 Qxb2 16.Qc2 Qxc2 17.Rxc2 c5 18.dxc5 Bxc5 19.Nd3 Bb6 20.Nb4 Bxf2+ 21.Ke2 Bb6 22.Be3 c5 23.Rc4 cxb4 24.Rxe4 Ba6+ 25.Kf2 Rab8 26.Rd1 Bxe3+ 27.Rxe3 Rfd8 28.Rb1 Bd3 29.Rb2 Bc4 30.Re4 Rdc8 31.Nd2 Be6 32.Rexb4 Rxb4 33.Rxb4 Kf8 34.a3

1/2-1/2

[Event "Kieler Open 2021"]
[Site "Kiel"]
[Date "2021.07.28"]
[Round "7.44"]
[White "Sauer, Andreas"]
[Black "Br�hl, Rainer"]
[Result "1-0"]
[WhiteElo "1180"]
[BlackElo "1293"]
[Annotator "RW"]

1.e4 e5 2.Nf3 Nf6 3.Nxe5 d6 4.Nd3 Nxe4 5.Nc3 d5 6.f3 Qh4+ 7.g3 Nxg3 8.hxg3 Qxh1 9.Nxd5 Bd6 10.N3f4 0-0 11.Kf2 Bxf4 12.Nxf4 Qh6 13.d4 Qd6 14.Be3 b6 15.Bd3 g6 16.Qd2 Bb7 17.c4 Na6 18.a3 c5 19.d5 Nc7 20.Rh1 b5 21.b3 bxc4 22.bxc4 Rad8 23.Qb2 f6 24.Qxb7 Qb6 25.Qxb6 axb6 26.g4 Ra8 27.Bc1 Ra4 28.Bb2 f5 29.gxf5 gxf5 30.Be5 Ne8 31.Ne6 Rf7 32.Rg1+ Ng7 33.Bxg7 Rxg7 34.Rxg7+ Kh8 35.Rb7 Rxa3 36.Rb8#

1-0

[Event "Kieler Open 2021"]
[Site "Kiel"]
[Date "2021.07.28"]
[Round "7.46"]
[White "Peglau, Lorena"]
[Black "Pennekamp, Christoph"]
[Result "0-1"]
[WhiteElo "1005"]
[BlackElo "1541"]
[Annotator "RW"]

1.d4 Nf6 2.c4 g6 3.Nc3 Bg7 4.Nf3 0-0 5.Bg5 h6 6.Bf4 d6 7.e3 Nbd7 8.Bd3 Re8 9.0-0 e5 10.dxe5 dxe5 11.Bg3 e4 12.Be2 exf3 13.Bxf3 c6 14.Rc1 Nc5 15.Qe2 Nfe4 16.Bxe4 Nxe4 17.Nxe4 Rxe4 18.Qc2 Re8 19.Rfd1 Qe7 20.Bd6 Bf5 21.Qe2 Qf6 22.Bb4 Qxb2 23.Qd2 Qxd2 24.Rxd2 Rad8 25.Re2 Rd3 26.Bc5 b6 27.Bb4 Red8 28.Ree1 c5 29.a3 cxb4 30.axb4 Bc3 31.Rf1 Bxb4 32.h3 Rd2 33.Kh1 Bc2 34.Kg1 Rd1 35.Rcxd1 Rxd1 36.Rxd1 Bxd1 37.Kf1 Bb3 38.f4 a5 39.Ke2 a4 40.Kf3 a3 41.Kg3 a2 42.Kh2 a1Q 43.Kg3 Qh1 44.Kh4 Bd1 45.Kg3 Be1#

0-1